| 000 | 00453nam a2200169 a 4500 | ||
|---|---|---|---|
| 001 | 2961 | ||
| 003 | CDMR | ||
| 005 | 20130930172818.0 | ||
| 008 | 130130s1984||||||||||||||||||||||||||||d | ||
| 020 | _a9686677119 | ||
| 040 |
_aCDMR _bcat _cCDMR |
||
| 100 | 1 |
_aGarcía Cruz, Cecilio _92180 |
|
| 245 | 1 | 0 |
_aNoticias por televisión _cpor Cecilio García Cruz |
| 260 |
_aMéxico _c1984 _bPubligrafics |
||
| 650 | 0 | 4 |
_93157 _aTelevisió _xNoticiaris |
| 942 |
_cMON _2udc |
||
| 999 |
_c2961 _d2961 |
||